000 00543nam a2200181Ia 4500
008 090124s9999 xx 000 0 und d
082 _b37835
100 _aधर्माधिकारी
245 _a" 1, विजयपथ"
250 _a4
260 _bमेहता पब्लिशिंग हाऊस
_c2000
300 _a214
600 _aधर्माधिकारी
630 _a" 1, विजयपथ"
700 _aधर्माधिकारी
730 _a" 1, विजयपथ"
942 _cBOOK
999 _c103896
_d103896